LEADER 00856nam 2200265 450 001 996716298003316 005 20260402163731.0 100 $a20260402d1971----km y0itay5003 ba 101 0 $aita 102 $aIT 105 $ay 00 y 200 1 $a<> marxismo italiano degli anni Sessanta$ela funzione degli intellettuali rivoluzionari e il ruolo di "Nuovo Impegno" 210 $aPisa$cMariotti$d1971 215 $a175 p.$d25 cm 300 $aTitolo dell'intitolazione 300 $aFa parte di: Nuovo impegno : rivista trimestrale, anno 6, n. 22-23 (mag.-ott. 1971) 606 0 $aMarxismo$yItalia$2BNCF 676 $a335.40945 801 0$aIT$bcba$gREICAT 912 $a996716298003316 951 $aXVI.8. 774$bFAVAG$cXVI.8.$d373464 959 $aBK 969 $aFAVAG 996 $aMarxismo italiano degli anni sessanta$9456424 997 $aUNISA